Sports Quiz

Random Sports or Basketball Quiz

NBA Top Four Starting Lineups (2010s) Quiz Stats

 Plays Quiz Updated Mar 8, 2020

Support Sporcle.
Go Orange.
Score 0/200 Timer 12:00
13 Plays Today
Team (Year) Answer % Correct
★ 2010 NBA Champion
> Los Angeles Lakers
Kobe Bryant
97.7%
☆ 2011 NBA Runner Up
> Miami Heat
LeBron James
97.2%
★ 2012 NBA Champion
> Miami Heat
LeBron James
97.2%
★ 2013 NBA Champion
> Miami Heat
LeBron James
97.2%
☆ 2014 NBA Runner Up
> Miami Heat
LeBron James
97.2%
☆ 2015 NBA Runner Up
> Cleveland Cavaliers
LeBron James
97.2%
★ 2016 NBA Champion
>Cleveland Cavaliers
LeBron James
97.2%
☆ 2017 NBA Runner Up
> Cleveland Cavaliers
LeBron James
97.2%
☆ 2018 NBA Runner Up
> Cleveland Cavaliers
LeBron James
97.2%
2011 Western Conference Runner Up
> Oklahoma City Thunder
Kevin Durant
96%
☆ 2012 NBA Runner Up
> Oklahoma City Thunder
Kevin Durant
96%
2014 Western Conference Runner Up
> Oklahoma City Thunder
Kevin Durant
96%
2016 Western Conference Runner Up
> Oklahoma City Thunder
Kevin Durant
95.9%
★ 2017 NBA Champion
> Golden State Warriors
Kevin Durant
95.9%
★ 2018 NBA Champion
> Golden State Warriors
Kevin Durant
95.9%
☆ 2019 NBA Runner Up
> Golden State Warriors
Kevin Durant
95.9%
★ 2010 NBA Champion
> Los Angeles Lakers
Pau Gasol
95.7%
2017 Western Conference Runner Up
> San Antonio Spurs
Pau Gasol
95.7%
★ 2015 NBA Champion
> Golden State Warriors
Stephen Curry
95.6%
☆ 2016 NBA Runner Up
> Golden State Warriors
Stephen Curry
95.6%
★ 2017 NBA Champion
> Golden State Warriors
Stephen Curry
95.6%
★ 2018 NBA Champion
> Golden State Warriors
Stephen Curry
95.6%
☆ 2019 NBA Runner Up
> Golden State Warriors
Stephen Curry
95.6%
2013 Western Conference Runner Up
> Memphis Grizzlies
Marc Gasol
95.5%
★ 2019 NBA Champion
>Toronto Raptors
Marc Gasol
95.5%
☆ 2011 NBA Runner Up
> Miami Heat
Dwyane Wade
94.9%
★ 2012 NBA Champion
> Miami Heat
Dwyane Wade
94.9%
★ 2013 NBA Champion
> Miami Heat
Dwyane Wade
94.9%
☆ 2014 NBA Runner Up
> Miami Heat
Dwyane Wade
94.9%
★ 2015 NBA Champion
> Golden State Warriors
Klay Thompson
94.7%
☆ 2016 NBA Runner Up
> Golden State Warriors
Klay Thompson
94.7%
★ 2017 NBA Champion
> Golden State Warriors
Klay Thompson
94.7%
★ 2018 NBA Champion
> Golden State Warriors
Klay Thompson
94.7%
☆ 2019 NBA Runner Up
> Golden State Warriors
Klay Thompson
94.7%
2011 Western Conference Runner Up
> Oklahoma City Thunder
Russell Westbrook
94.5%
☆ 2012 NBA Runner Up
> Oklahoma City Thunder
Russell Westbrook
94.5%
2014 Western Conference Runner Up
> Oklahoma City Thunder
Russell Westbrook
94.5%
2016 Western Conference Runner Up
> Oklahoma City Thunder
Russell Westbrook
94.5%
2015 Western Conference Runner Up
> Houston Rockets
James Harden
94.5%
2018 Western Conference Runner Up
> Houston Rockets
James Harden
94.5%
☆ 2015 NBA Runner Up
> Cleveland Cavaliers
Tristan Thompson
94.3%
★ 2016 NBA Champion
>Cleveland Cavaliers
Tristan Thompson
94.3%
☆ 2017 NBA Runner Up
> Cleveland Cavaliers
Tristan Thompson
94.3%
☆ 2018 NBA Runner Up
> Cleveland Cavaliers
Tristan Thompson
94.3%
★ 2015 NBA Champion
> Golden State Warriors
Draymond Green
94%
☆ 2016 NBA Runner Up
> Golden State Warriors
Draymond Green
94%
★ 2017 NBA Champion
> Golden State Warriors
Draymond Green
94%
★ 2018 NBA Champion
> Golden State Warriors
Draymond Green
94%
☆ 2019 NBA Runner Up
> Golden State Warriors
Draymond Green
94%
2012 Western Conference Runner Up
> San Antonio Spurs
Kawhi Leonard
94%
☆ 2013 NBA Runner Up
>San Antonio Spurs
Kawhi Leonard
94%
★ 2014 NBA Champion
>San Antonio Spurs
Kawhi Leonard
94%
2017 Western Conference Runner Up
> San Antonio Spurs
Kawhi Leonard
94%
★ 2019 NBA Champion
>Toronto Raptors
Kawhi Leonard
94%
2013 Eastern Conference Runner Up
> Indiana Pacers
David West
93.9%
2014 Eastern Conference Runner Up
> Indiana Pacers
David West
93.9%
2012 Western Conference Runner Up
> San Antonio Spurs
Danny Green
93.7%
☆ 2013 NBA Runner Up
>San Antonio Spurs
Danny Green
93.7%
★ 2014 NBA Champion
>San Antonio Spurs
Danny Green
93.7%
2017 Western Conference Runner Up
> San Antonio Spurs
Danny Green
93.7%
★ 2019 NBA Champion
>Toronto Raptors
Danny Green
93.7%
★ 2012 NBA Champion
> Miami Heat
U. Haslem/C. Bosh
93%
☆ 2010 NBA Runner Up
> Boston Celtics
Paul Pierce
92.8%
2012 Eastern Conference Runner Up
> Boston Celtics
Paul Pierce
92.8%
☆ 2011 NBA Runner Up
> Miami Heat
Chris Bosh
92.7%
★ 2013 NBA Champion
> Miami Heat
Chris Bosh
92.7%
☆ 2014 NBA Runner Up
> Miami Heat
Chris Bosh
92.7%
Team (Year) Answer % Correct
☆ 2010 NBA Runner Up
> Boston Celtics
Kevin Garnett
92.6%
2012 Eastern Conference Runner Up
> Boston Celtics
Kevin Garnett
92.6%
☆ 2015 NBA Runner Up
> Cleveland Cavaliers
Kyrie Irving
92.5%
★ 2016 NBA Champion
>Cleveland Cavaliers
Kyrie Irving
92.5%
☆ 2017 NBA Runner Up
> Cleveland Cavaliers
Kyrie Irving
92.5%
2012 Western Conference Runner Up
> San Antonio Spurs
Tim Duncan
92.1%
☆ 2013 NBA Runner Up
>San Antonio Spurs
Tim Duncan
92.1%
★ 2014 NBA Champion
>San Antonio Spurs
Tim Duncan
92.1%
2012 Eastern Conference Runner Up
> Boston Celtics
R. Allen/A. Bradley
91.9%
2012 Western Conference Runner Up
> San Antonio Spurs
Tony Parker
91.8%
☆ 2013 NBA Runner Up
>San Antonio Spurs
Tony Parker
91.8%
★ 2014 NBA Champion
>San Antonio Spurs
Tony Parker
91.8%
2017 Western Conference Runner Up
> San Antonio Spurs
Tony Parker
91.8%
☆ 2010 NBA Runner Up
> Boston Celtics
Ray Allen
91.1%
2016 Eastern Conference Runner Up
> Toronto Raptors
Kyle Lowry
90.8%
★ 2019 NBA Champion
>Toronto Raptors
Kyle Lowry
90.8%
2013 Western Conference Runner Up
> Memphis Grizzlies
Tony Allen
90.4%
☆ 2010 NBA Runner Up
> Boston Celtics
Rajon Rondo
90.4%
2012 Eastern Conference Runner Up
> Boston Celtics
Rajon Rondo
90.4%
2010 Western Conference Runner Up
> Phoenix Suns
Steve Nash
90.2%
★ 2011 NBA Champion
> Dallas Mavericks
Dirk Nowitzki
89.8%
2010 Eastern Conference Runner Up
> Orlando Magic
Dwight Howard
89.4%
2015 Western Conference Runner Up
> Houston Rockets
Dwight Howard
89.4%
2019 Western Conference Runner Up
> Portland Trail Blazers
Damian Lillard
89.3%
2011 Eastern Conference Runner Up
> Chicago Bulls
Derrick Rose
88.1%
2013 Eastern Conference Runner Up
> Indiana Pacers
Paul George
86.6%
2014 Eastern Conference Runner Up
> Indiana Pacers
Paul George
86.6%
★ 2016 NBA Champion
>Cleveland Cavaliers
Kevin Love
86.2%
☆ 2017 NBA Runner Up
> Cleveland Cavaliers
Kevin Love
86.2%
☆ 2018 NBA Runner Up
> Cleveland Cavaliers
Kevin Love
86.2%
2019 Eastern Conference Runner Up
> Milwaukee Bucks
Giannis Antetokounmpo
85.8%
2015 Western Conference Runner Up
> Houston Rockets
T. Jones/J. Smith
84.6%
★ 2016 NBA Champion
>Cleveland Cavaliers
J.R. Smith
84.4%
☆ 2017 NBA Runner Up
> Cleveland Cavaliers
J.R. Smith
84.4%
☆ 2018 NBA Runner Up
> Cleveland Cavaliers
J.R. Smith
84.4%
2016 Eastern Conference Runner Up
> Toronto Raptors
DeMar DeRozan
83.6%
2011 Western Conference Runner Up
> Oklahoma City Thunder
Serge Ibaka
83%
☆ 2012 NBA Runner Up
> Oklahoma City Thunder
Serge Ibaka
83%
2014 Western Conference Runner Up
> Oklahoma City Thunder
Serge Ibaka
83%
2016 Western Conference Runner Up
> Oklahoma City Thunder
Serge Ibaka
83%
2019 Western Conference Runner Up
> Portland Trail Blazers
CJ McCollum
81.8%
2018 Western Conference Runner Up
> Houston Rockets
Chris Paul
81.2%
2018 Eastern Conference Runner Up
> Boston Celtics
Jayson Tatum
81%
2019 Eastern Conference Runner Up
> Milwaukee Bucks
Khris Middleton
80.6%
2015 Eastern Conference Runner Up
> Atlanta Hawks
Al Horford
80.1%
2017 Eastern Conference Runner Up
> Boston Celtics
Al Horford
80.1%
2018 Eastern Conference Runner Up
> Boston Celtics
Al Horford
80.1%
2019 Eastern Conference Runner Up
> Milwaukee Bucks
Brook Lopez
78.7%
2011 Eastern Conference Runner Up
> Chicago Bulls
Joakim Noah
78.3%
2017 Eastern Conference Runner Up
> Boston Celtics
Isaiah Thomas
78.1%
2018 Eastern Conference Runner Up
> Boston Celtics
Jaylen Brown
77.4%
★ 2011 NBA Champion
> Dallas Mavericks
Jason Kidd
77.3%
☆ 2010 NBA Runner Up
> Boston Celtics
Kendrick Perkins
75%
2011 Western Conference Runner Up
> Oklahoma City Thunder
Kendrick Perkins
75%
☆ 2012 NBA Runner Up
> Oklahoma City Thunder
Kendrick Perkins
75%
2014 Western Conference Runner Up
> Oklahoma City Thunder
Kendrick Perkins
75%
★ 2019 NBA Champion
>Toronto Raptors
Pascal Siakam
74.8%
★ 2010 NBA Champion
> Los Angeles Lakers
Derek Fisher
74.2%
2013 Western Conference Runner Up
> Memphis Grizzlies
Mike Conley
74%
2019 Eastern Conference Runner Up
> Milwaukee Bucks
Eric Bledsoe
73.7%
★ 2012 NBA Champion
> Miami Heat
Mario Chalmers
73.5%
★ 2013 NBA Champion
> Miami Heat
Mario Chalmers
73.5%
☆ 2014 NBA Runner Up
> Miami Heat
Mario Chalmers
73.5%
2010 Western Conference Runner Up
> Phoenix Suns
Amar'e Stoudemire
73.3%
★ 2015 NBA Champion
> Golden State Warriors
Andrew Bogut
72.9%
☆ 2016 NBA Runner Up
> Golden State Warriors
Andrew Bogut
72.9%
★ 2018 NBA Champion
> Golden State Warriors
Andre Iguodala
72.6%
Team (Year) Answer % Correct
☆ 2019 NBA Runner Up
> Golden State Warriors
Andre Iguodala
72.6%
2018 Western Conference Runner Up
> Houston Rockets
Clint Capela
71.9%
★ 2015 NBA Champion
> Golden State Warriors
Harrison Barnes
68.7%
☆ 2016 NBA Runner Up
> Golden State Warriors
Harrison Barnes
68.7%
2015 Eastern Conference Runner Up
> Atlanta Hawks
Jeff Teague
68.6%
2010 Eastern Conference Runner Up
> Orlando Magic
Matt Barnes
68.5%
2015 Eastern Conference Runner Up
> Atlanta Hawks
Kyle Korver
67.9%
2013 Eastern Conference Runner Up
> Indiana Pacers
George Hill
66.8%
2014 Eastern Conference Runner Up
> Indiana Pacers
George Hill
66.8%
☆ 2018 NBA Runner Up
> Cleveland Cavaliers
George Hill
66.8%
2010 Western Conference Runner Up
> Phoenix Suns
Grant Hill
66.6%
★ 2010 NBA Champion
> Los Angeles Lakers
Andrew Bynum
64.7%
2013 Western Conference Runner Up
> Memphis Grizzlies
Zach Randolph
64.2%
2015 Eastern Conference Runner Up
> Atlanta Hawks
Paul Millsap
62.3%
★ 2013 NBA Champion
> Miami Heat
Udonis Haslem
61.9%
2016 Western Conference Runner Up
> Oklahoma City Thunder
Steven Adams
61.9%
2013 Eastern Conference Runner Up
> Indiana Pacers
Roy Hibbert
61.4%
2014 Eastern Conference Runner Up
> Indiana Pacers
Roy Hibbert
61.4%
★ 2011 NBA Champion
> Dallas Mavericks
Tyson Chandler
61.4%
★ 2011 NBA Champion
> Dallas Mavericks
Shawn Marion
61.3%
★ 2010 NBA Champion
> Los Angeles Lakers
Metta Sandiford-Artest
60.5%
2018 Western Conference Runner Up
> Houston Rockets
P.J. Tucker
56.7%
2010 Eastern Conference Runner Up
> Orlando Magic
Jameer Nelson
55.5%
2015 Western Conference Runner Up
> Houston Rockets
Jason Terry
55.3%
2017 Western Conference Runner Up
> San Antonio Spurs
LaMarcus Aldridge
54.2%
2017 Eastern Conference Runner Up
> Boston Celtics
Avery Bradley
53.9%
2011 Eastern Conference Runner Up
> Chicago Bulls
Luol Deng
53.9%
2016 Eastern Conference Runner Up
> Toronto Raptors
B. Biyombo/J. Valanciunas
53.3%
2015 Western Conference Runner Up
> Houston Rockets
Trevor Ariza
52.4%
2018 Western Conference Runner Up
> Houston Rockets
Trevor Ariza
52.4%
2018 Eastern Conference Runner Up
> Boston Celtics
Terry Rozier
49.6%
2017 Eastern Conference Runner Up
> Boston Celtics
Amir Johnson
49.2%
2011 Eastern Conference Runner Up
> Chicago Bulls
Carlos Boozer
47.9%
☆ 2013 NBA Runner Up
>San Antonio Spurs
Tiago Splitter
47.3%
★ 2014 NBA Champion
>San Antonio Spurs
Tiago Splitter
47.3%
2019 Western Conference Runner Up
> Portland Trail Blazers
Enes Kanter
44.1%
2013 Eastern Conference Runner Up
> Indiana Pacers
Lance Stephenson
42.3%
2014 Eastern Conference Runner Up
> Indiana Pacers
Lance Stephenson
42.3%
2010 Eastern Conference Runner Up
> Orlando Magic
Rashard Lewis
40.8%
☆ 2014 NBA Runner Up
> Miami Heat
Rashard Lewis
40.8%
★ 2017 NBA Champion
> Golden State Warriors
Zaza Pachulia
40.8%
☆ 2011 NBA Runner Up
> Miami Heat
Joel Anthony
40.4%
2016 Western Conference Runner Up
> Oklahoma City Thunder
Andre Roberson
40.1%
★ 2012 NBA Champion
> Miami Heat
Shane Battier
38.1%
2011 Western Conference Runner Up
> Oklahoma City Thunder
Thabo Sefolosha
38%
☆ 2012 NBA Runner Up
> Oklahoma City Thunder
Thabo Sefolosha
38%
2014 Western Conference Runner Up
> Oklahoma City Thunder
Thabo Sefolosha
38%
2012 Western Conference Runner Up
> San Antonio Spurs
Boris Diaw
35.4%
2010 Eastern Conference Runner Up
> Orlando Magic
Vince Carter
35.3%
2015 Eastern Conference Runner Up
> Atlanta Hawks
DeMarre Carroll
32.9%
2016 Eastern Conference Runner Up
> Toronto Raptors
DeMarre Carroll
32.9%
2018 Eastern Conference Runner Up
> Boston Celtics
Aron Baynes
31.7%
☆ 2015 NBA Runner Up
> Cleveland Cavaliers
Timofey Mozgov
31.1%
2019 Western Conference Runner Up
> Portland Trail Blazers
Al-Farouq Aminu
30.8%
2017 Eastern Conference Runner Up
> Boston Celtics
Jae Crowder
29.9%
☆ 2015 NBA Runner Up
> Cleveland Cavaliers
Iman Shumpert
29.6%
2010 Western Conference Runner Up
> Phoenix Suns
Jason Richardson
24.8%
2010 Western Conference Runner Up
> Phoenix Suns
Jarron Collins
24.2%
2019 Western Conference Runner Up
> Portland Trail Blazers
Maurice Harkless
24.1%
☆ 2011 NBA Runner Up
> Miami Heat
Mike Bibby
19.6%
2013 Western Conference Runner Up
> Memphis Grizzlies
Tayshaun Prince
19%
2019 Eastern Conference Runner Up
> Milwaukee Bucks
Nikola Mirotić
18.7%
★ 2011 NBA Champion
> Dallas Mavericks
DeShawn Stevenson
16.8%
2016 Eastern Conference Runner Up
> Toronto Raptors
P. Patterson/L. Scola
15.7%
2012 Eastern Conference Runner Up
> Boston Celtics
Brandon Bass
14.8%
2011 Eastern Conference Runner Up
> Chicago Bulls
Keith Bogans
7.3%

From the Vault

Famous Men on Bicycles

by ihadfuntoday

We're glad they're getting some exercise, but they should all be wearing a helmet!
Remove Ads.
Support Sporcle.
Get the best of Sporcle when you Go Orange. This ad-free experience offers more features, more stats, and more fun while also helping to support Sporcle. Thank you for becoming a member.

Show Comments

Extras

Top Quizzes Today


Score Distribution

Your Account Isn't Verified!

In order to create a playlist on Sporcle, you need to verify the email address you used during registration. Go to your Sporcle Settings to finish the process.

Report this User

Report this user for behavior that violates our Community Guidelines.

Details: